| 000 | 02674cam a2200433 a 4500 | ||
|---|---|---|---|
| 001 | ocm52205099 | ||
| 003 | TZ-ArACH | ||
| 005 | 2013051309059.0 | ||
| 008 | 030527s2003 inu b s001 0 eng d | ||
| 010 | _a 2003389258 | ||
| 020 | _a0864865058 (David Philip) | ||
| 020 | _a9780864865052 (David Philip) | ||
| 020 | _a0852558708 (James Currey) | ||
| 020 | _a9780852558706 (James Currey) | ||
| 035 | _a(OCoLC)52205099 | ||
| 040 |
_aCOF _beng _cTZ-ArACH _dDLC _dOCLCQ _dOCL _dBAKER _dNLGGC _dBTCTA _dYDXCP _dOCLCG _dEAU _dP4I _dGEBAY _dILU _dBDX |
||
| 041 | _aEng | ||
| 042 | _alccopycat | ||
| 043 | _af-sa--- | ||
| 049 | _aTZAA | ||
| 050 | 0 | 0 |
_aDT1971 _b.L63 |
| 082 | 0 | 0 |
_a320.968/09/049 _222 |
| 100 | 1 |
_aLodge, Tom, _d1951- _910193 |
|
| 245 | 1 | 0 |
_aPolitics in South Africa : from Mandela to Mbeki / _bfrom Mandela to Mbeki / _cTom Lodge. |
| 250 | _a[2nd ed.]. | ||
| 260 |
_aBloomington : _bIndiana University Press, _c2003. |
||
| 300 |
_avi, 314 p. ; _c24 cm. |
||
| 500 | _a"An earlier and much shorter version of this book appeared in 1999 under a different title"--P. vi. | ||
| 500 | _aPreviously published: Cape Town : David Philip, 2002. | ||
| 504 | _aIncludes bibliographical references 300-308 and index. | ||
| 505 | 0 | _aPrologue : Nelson Mandela : political saint in a new democracy -- The alliance in power : who rules South Africa? -- Regional government -- The RDP : delivery and performance -- Land reform -- Local government reform -- Municipal elections 2000 -- Countering corruption -- Democracy in a dominant party system -- Truth and reconciliation -- Civic movements and associational life -- The African renaissance -- The Mbeki presidency. | |
| 520 | 1 | _a"This insightful study, now completely revised and in its second edition, examines the pattern of politics that has emerged in South Africa under the Mandela and Mbeki administrations. In considering the changes brought about in power relations in the country since 1994, the book looks at, among other things, the shape of regional and local politics; land reform; the Truth and Reconciliation Commission; and the extent of political corruption. Further chapters consider the future prospects of South African democracy and provide assessments of both Nelson Mandela and his successor, Thabo Mbeki."--BOOK JACKET. | |
| 650 | 0 | 7 |
_aHistory 1994-2001. _910194 |
| 651 | 0 |
_aSouth Africa _xPolitics and government _y1994- _910195 |
|
| 651 | 7 |
_aSouth Africa (country) _910196 |
|
| 856 | 4 | 2 |
_3Book review (H-Net) _uhttp://www.h-net.org/review/hrev-a0d0n5-aa |
| 942 |
_2lcc _cBOOK |
||
| 999 |
_c2251 _d2251 |
||